00146nam a22000737a 4500245003300000250000900033260002200042300000800064 aXam Idea Social science 10th a2024 bV.K. Publicatoin a560